[Event "Novorossiysk Small Land Rapid op"]
[Site "Novorossiysk"]
[Date "2023.07.26"]
[Round "2"]
[White "Goncharova, Natalia Olegovna"]
[Black "Grebnev, Aleksey"]
[Result "0-1"]
[WhiteElo "2131"]
[BlackElo "2488"]
[PlyCount "56"]
[EventDate "2023.07.26"]
[EventType "swiss (rapid)"]
[EventRounds "11"]
[EventCountry "RUS"]
[SourceTitle "CBM 215 Extra"]
[Source "ChessBase"]
[SourceDate "2023.09.30"]
[SourceVersion "1"]
[SourceVersionDate "2023.09.30"]
[SourceQuality "1"]

1. e4 c5 2. Nf3 Nc6 3. d4 cxd4 4. Nxd4 g6 5. Bc4 Bg7 6. c3 d6 7. 0-0 Nf6 8. Re1 0-0 9. h3 Bd7 10. Nd2 Rc8 11. Bb3 a6 12. N2f3 b5 13. Be3 Nxe4 14. a4 Nf6 15. axb5 Nxd4 16. Nxd4 axb5 17. Qe2 Rb8 18. Ra7 h6 19. Rea1 b4 20. c4 e5 21. Nc2 Ne4 22. Qd3 Bf5 23. g4 Nc5 24. Qe2 Nxb3 25. gxf5 Nxa1 26. Nxa1 gxf5 27. Qh5 f4 28. Bd2 Qg5+ 0-1